000 00236nam a2200109Ia 4500
008 190216s9999||||xx |||||||||||||| ||und||
100 _aMuhamed T C
245 0 _aShere Kerala
260 _bGreen House
650 _aHistory
942 _cBK
999 _c18892
_d18892